| 000 | 00589nam a2200205 i 4500 | ||
|---|---|---|---|
| 001 | 146370 | ||
| 003 | ES-MaACL | ||
| 005 | 20250814015824.0 | ||
| 007 | t| | ||
| 008 | 070907s1964 sp ||||1| spa d | ||
| 080 | _a58 | ||
| 245 | 0 | 0 |
_aTratado de botánica / _cJ. Ben Hill ... [et al.] ; traducción por José Pons Rosell. |
| 260 |
_aBarcelona : _bOmega, _c[1964] |
||
| 300 |
_a747 p. : _bil. ; _c23 cm. |
||
| 650 | 7 |
_aBotánica _2embne _910610 |
|
| 700 | 1 |
_aHill, J. Ben. _963703 |
|
| 700 | 1 |
_aPons Rosell, José. _993025 |
|
| 852 | 4 |
_aES-MaACL _jC-25376 |
|
| 999 |
_c146370 _d146370 |
||